Вагончик мой дальний: повести; Радиостанция "Тамара"; Первый день-Последний день творенья

Podrobná bibliografie
Hlavní autor: Приставкин А. И. Анатолий Игнатьевич
Shrnutí:Анатолий Приставкин (род. в 1931 т.) — один из наиболее знаковых русских писателей второй половины XX века, автор всемирно известной повести «Ночевала тучка золотая» (1987), лауреат Государственной премии СССР (1988), с 2004 т. советник Президента Российской Федерации.В книгу вошли три повести А. Приставкина: «Вагончик мой дальний», продолжающая автобиографическую тему жестокого мира детства, пришедшегося на годы войны, «Радиостанция «Тамара», в которой любовная история неведомого «подпольного» радиста становится символом свободы и человечности, и документальная повесть о Великой Отечественной войне «Первый день — последний день творенья».
Jazyk:ruština
Vydáno: Москва, Эксмо, 2006
TOC:Радиостанция "Тамара";
Первый день-Последний день творенья;
Edice:Русская классика. XX век
Témata:
Médium: MixedMaterials Kniha
KOHA link:https://koha.lib.tpu.ru/cgi-bin/koha/opac-detail.pl?biblionumber=107212

MARC

LEADER 00000nam0a2200000 4500
001 107212
005 20231101214721.0
010 |a 569914837X 
035 |a (RuTPU)RU\TPU\book\115759 
090 |a 107212 
100 |a 20061220d2006 m y0rusy50 ca 
101 0 |a rus 
102 |a RU 
105 |a y z 000ay 
200 1 |a Вагончик мой дальний  |e повести  |f А. И. Приставкин 
210 |a Москва  |c Эксмо  |d 2006 
215 |a 512 с. 
225 1 |a Русская классика. XX век 
330 |a Анатолий Приставкин (род. в 1931 т.) — один из наиболее знаковых русских писателей второй половины XX века, автор всемирно известной повести «Ночевала тучка золотая» (1987), лауреат Государственной премии СССР (1988), с 2004 т. советник Президента Российской Федерации.В книгу вошли три повести А. Приставкина: «Вагончик мой дальний», продолжающая автобиографическую тему жестокого мира детства, пришедшегося на годы войны, «Радиостанция «Тамара», в которой любовная история неведомого «подпольного» радиста становится символом свободы и человечности, и документальная повесть о Великой Отечественной войне «Первый день — последний день творенья». 
464 |t Радиостанция "Тамара" 
464 |t Первый день-Последний день творенья 
610 1 |a русская литература 
610 1 |a проза 
610 1 |a повести 
675 |a Р2  |v 3 
700 1 |a Приставкин  |b А. И.  |c русский писатель  |f 1931-2008  |g Анатолий Игнатьевич  |2 stltpush  |3 (RuTPU)RU\TPU\pers\15445  |9 5357 
801 1 |a RU  |b 63413507  |c 20061220  |g PSBO 
801 2 |a RU  |b 63413507  |c 20111114  |g PSBO 
942 |c BK